000 00142 a2200073 4500
020 _a9780798144940
082 _aAJF DEWA
245 _a!Sit Oom Paul
999 _c793045
_d793044
942 _w2694
_xGrace Mofokeng
_y2694
_zGrace Mofokeng